000 01351cam a2200385 i 4500
001 18638109
003 OSt
005 20230921153631.0
008 150501s2015 ii a b 001 0 eng d
010 _a 2015358027
020 _a9789350981023 (hardback)
020 _a9350981025 (hardback)
025 _aI-E-2015358027
035 _a(OCoLC)ocn908830694
035 _a(OCoLC)908830694
037 _bLibrary of Congress -- New Delhi Overseas Office
040 _aDKAGE
_beng
_erda
_cDKAGE
_dDLC
042 _alccopycat
_alcode
043 _aa-ii---
050 0 0 _aHT147.I5
_bR36 2015
082 0 4 _a307.760954
_bRAY/T
100 1 _aRay, Aniruddha
_eauthor.
_99560
245 1 0 _aTowns and cities of medieval India :
_ba brief survey /
_cAniruddha Ray.
264 1 _aNew Delhi :
_bManohar,
_c2015.
300 _a584 pages :
_billustrations (black and white) ;
_c23 cm
336 _atext
_btxt
_2rdacontent
337 _aunmediated
_bn
_2rdamedia
338 _avolume
_bnc
_2rdacarrier
504 _aIncludes bibliographical references (pages 551-565) and index.
650 0 _aCities and towns, Medieval
_zIndia.
650 0 _aUrbanization
_zIndia.
906 _a7
_bcbc
_ccopycat
_d3
_encip
_f20
_gy-gencatlg
942 _2ddc
_cBK
_h307.760954
_iRAY/T
_k307.760954
_mRAY/T
999 _c42219
_d42219